| 000 | 00499nam a22001697a 4500 | ||
|---|---|---|---|
| 003 | OSt | ||
| 005 | 20221103164034.0 | ||
| 008 | 150522b xxu||||| |||| 00| 0 eng d | ||
| 040 | _cBiblioteca Lado V | ||
| 082 |
_a750 _bF224c |
||
| 100 |
_9297 _aFarias, Agnaldo _ecurador |
||
| 245 |
_aCeara e Pernam buco/ _bDragoes e Leoes/ |
||
| 260 |
_bMexico _c1998 _aGoverno do Estado do Caeara |
||
| 300 |
_a70p. _c23x30cm |
||
| 710 |
_aJoan Duran _92735 |
||
| 942 |
_2ddc _c1 _h750 _iF224c _n0 |
||
| 999 |
_c2485 _d2485 |
||